000 01152nam a2200289Ia 4500
003 OSt
005 20221005110133.0
006 a|||||r|||| 00| 0
007 ta
008 221004b |||||||| |||| 00| 0 ben d
020 _c75
024 _a93240
037 _b531, 19/03/2009, Vani Prakashan
_cTextual
040 _aCRL
_cCRL
_bben
041 _2ben
_aben
082 _aO157,3N08w, 152M2
100 _aमित्र, सरोजमोहन
245 0 _aमाणिक वंद्योपाध्याय
246 _aMāṇik vandyopādhyāya
260 _aनई दिल्ली
_bसाहित्य अकादेमी भारत
_c1982
300 _a87पृ0
_ccm.
490 _aभारतीय साहित्य के निर्माता
650 _aबंगाली साहित्य
700 _a भारद्वाज, विनोद, अनु.
942 _hO157,3N08w, 152M2
_cTEXL
_2cc
999 _c1017916
_d1017916